| 000 | 00475nam a2200193Ia 4500 | ||
|---|---|---|---|
| 003 | OSt | ||
| 005 | 20221105121506.0 | ||
| 008 | 210210b1967 xxu||||| |||| 00| 0 eng d | ||
| 040 | _cAL | ||
| 041 | _aEnglish | ||
| 082 | _a530 RAOG | ||
| 100 |
_aRAO (B V Narayana). _961179 |
||
| 245 | _aGeneral physics and properties of matter | ||
| 260 |
_aBangalore _bAmbika Publishing House _c1967 |
||
| 300 | _a246 | ||
| 690 |
_aPhysics _961180 |
||
| 906 | _a027052 | ||
| 942 |
_2ddc _cBK |
||
| 999 |
_c78356 _d78356 |
||